MARC

LEADER 00000nas a2200000 a 4500
001 ssj0009464
003 WaSeSS
005 20200512172242.0
006 m d
007 cr n
008 951212c19859999mdufr pss 0 a0eng c
010 |a sn 95006653  
016 7 |a 1495127-7  |2 DE-600 
022 |a 1086-3257  |l 0884-3236  |y 0884-3236 
035 |a (WaSeSS)ssj0009464 
037 |b Project Muse Subscription Coodinator (Email: muse@muse.jhu.edu)  |c $53.00 (individuals)  |c $80.00 (institutions) 
040 |a NSD  |b eng  |c NSD  |d OCL  |d GUA  |d IUL  |d NSD  |d OCL  |d IUL  |d OCL  |d GUA  |d OCLCQ  |d MUQ  |d OCL  |d IUL  |d UQ1  |d OCLCQ  |d BUF  |d IUL  |d OCLCQ  |d OCLCF  |d CUD  |d OCLCQ  |d OCL  |d EZC  |d AU@  |d VT2  |d WaSeSS 
042 |a nsdp  |a pcc 
043 |a a-cc--- 
050 1 4 |a DS754.A2  |b L3 
082 1 0 |a 951  |2 13 
130 0 |a Late imperial China (Online) 
210 0 |a Late imp. China  |b (Online) 
222 0 |a Late imperial China  |b (Online) 
245 1 0 |a Late imperial China  |h [electronic resource] =  |b Qing shi wen ti. 
246 3 1 |a Qing shi wen ti 
260 |a Baltimore, MD :  |b Johns Hopkins University Press 
310 |a Semiannual 
362 1 |a Print began with v. 6, no. 1 (June 1985). 
506 |a License restrictions may limit access. 
538 |a Mode of access: World Wide Web, with World Wide Web browser software. 
546 |a English, with occasional material in Chinese. 
588 |a Description based on: 17.1 (June 1996); title from title screen. 
648 7 |a 1644-1912  |2 fast 
650 7 |a Qing Dynasty (China)  |2 fast  |0 (OCoLC)fst01696773 
650 7 |a Dynastie des Qing (Chine, 1644-1912)  |2 rasuqam 
650 7 |a Dynastie des Ming (1368-1644)  |2 rasuqam 
650 7 |a Histoire.  |2 rasuqam 
651 0 |a China  |x History  |y Qing dynasty, 1644-1912  |v Periodicals. 
651 6 |a Chine  |x Histoire  |y 1644-1912 (Dynastie mandchoue)  |v Périodiques. 
651 7 |a China.  |2 fast  |0 (OCoLC)fst01206073 
651 7 |a Chine.  |2 rasuqam 
655 0 |a Electronic journals. 
776 1 |t Late imperial China  |x 0884-3236  |w (DLC) 86640283  |w (OCoLC)12271932 
780 0 0 |t Chʻing-shih wen-tʻi (Online)  |x 0577-9235  |w (OCoLC)298783037 
856 4 0 |z Full text available from Research Library: 12/01/2002 to 1 year ago  |u https://search.proquest.com/publication/27475 
880 3 |6 246-00/$1  |a 清史问题